000 00301nam a22001337a 4500
008 181016b xxu||||| |||| 00| 0 eng d
020 _a089108220
041 _aeng
080 _a316
100 _a50
101 _aSOC
245 _aCounseling Women over the Life Span
_cLewis,J.A
942 _2udc
_cBK
999 _c49852
_d49852